| 000 | 00802nam a22002177a 4500 | ||
|---|---|---|---|
| 005 | 20120105114927.0 | ||
| 008 | 120105t xxu||||| |||| 00| 0 eng d | ||
| 010 | _aENG-104600 | ||
| 020 |
_a9789380929057 _c995.00 |
||
| 035 | _aEN-88133 | ||
| 037 | _bDBAD/PUB | ||
| 040 |
_aDPL _bEng |
||
| 082 | _a381.03 | ||
| 100 |
_aSharma, Nand K. _938246 |
||
| 245 |
_aDictionary of trade and industries / _cby Nand K. Sharma |
||
| 260 |
_aJaipur _bDND Publications _c2012 |
||
| 270 |
_a2, Shivgyan Avenue, (B-7), Near Yojna Bhawan, Yudishter Marg, C-Scheme _bJaipur _e302001 |
||
| 300 |
_a340p. _c22cm(Hb) |
||
| 942 |
_2ddc _cEN _mSHA _h381.03 |
||
| 999 |
_c60351 _d60351 |
||